| 000 | 01749cam a2200313 a 4500 | ||
|---|---|---|---|
| 999 |
_c128703 _d128703 |
||
| 001 | 15962351 | ||
| 003 | ARRUPE | ||
| 005 | 20181204102258.0 | ||
| 008 | 091027s2010 mnu b 001 0 eng | ||
| 010 | _a 2009045526 | ||
| 020 | _a9780814654743 | ||
| 020 | _a0814654746 | ||
| 020 | _a9780814657270 (ebook) | ||
| 020 | _a0814657273 (ebook) | ||
| 035 | _a(OCoLC)ocn457164785 | ||
| 040 |
_aDLC _cDLC _dBTCTA _dYDXCP _dC#P _dBWX _dCDX _dDLC |
||
| 050 | 0 | 0 |
_aBD21 _b.B325 2010 |
| 100 | 1 |
_aBeards, Andrew. _9958 |
|
| 245 | 1 | 0 |
_aPhilosophy : _bthe quest for truth and meaning / _cAndrew Beards. |
| 260 |
_aCollegeville, Minn. : _bLiturgical Press, _cc2010. |
||
| 300 |
_aix, 142 p. ; _c23 cm. |
||
| 500 | _a"A Michael Glazier book." | ||
| 504 | _aIncludes bibliographical references and index. | ||
| 505 | 0 | _aPreface -- What is this thing called "philosophy"? -- The process of coming to know -- Knowing in common sense, science, history, and art -- Positions on the theory of knowledge -- Metaphysics : what philosophy can tell us about reality -- A short introduction to ethics -- Philosophy of religion and the question of God -- Concluding remarks. | |
| 650 | 0 |
_aPhilosophy _vIntroductions. _914761 |
|
| 856 | 4 | 2 |
_3Contributor biographical information _uhttp://www.loc.gov/catdir/enhancements/fy1402/2009045526-b.html |
| 856 | 4 | 2 |
_3Publisher description _uhttp://www.loc.gov/catdir/enhancements/fy1402/2009045526-d.html |
| 906 |
_a7 _bcbc _corignew _d1 _eecip _f20 _gy-gencatlg |
||
| 942 |
_2lcc _cMONOGRAPH |
||